Дунавска военна флотилия (1879 - 1945) (Запис номер 489851)
[ съкратено ]
| 000 -Лидер | |
|---|---|
| Лидер | 01455nam a2200277 a 4500 |
| 003 - Код на организацията, давaща контролен номер | |
| Код на организацията, даваща контролен номер | BLK |
| 005 - Дата и час на последна редакция | |
| Дата и час на последна редакция | 20250313142317.0 |
| 008 - Елементи от данни с фиксирана дължина | |
| Елементи с фиксирана дължина | 230323b bu |||||r|||| 00| | bu d |
| 020 ## - Международен стандартен номер на книга ISBN | |
| ISBN | 9789543374540 |
| 040 ## - Източник на каталожния запис | |
| Код на библиотеката | BLK |
| 041 ## - Код за език | |
| Език | Български |
| Език за КДБФ | Български |
| 080 ## - УДК | |
| УДК текст | Военноморски флот - Персонал и организация. Служби. Части, принадлежащи към военно-морския флот - морска пехота, морскаартилерия и въздушни сили;технически служби в морския флот;санитарна служба |
| УДК код | 359 |
| УДК – определител | (497.2)(091) |
| УДК – код + определител | 359(497.2)(091) |
| 100 ## - Редна дума - Автор | |
| R(LIN) | 486968 |
| Автор | Христов, Васил Николов |
| 245 ## - Сведения за заглавието | |
| Заглавие | Дунавска военна флотилия (1879 - 1945) |
| Авторска отговорност | Васил Николов Христов. |
| 260 ## - Област на издателските данни | |
| 9 (RLIN) | 209556 |
| Място на издаване | Русе |
| Име на издателя | Авангард принт |
| Година на издаване | 2023 |
| Издателство - префикс ISBN | 978-954-337- ; 954-9548- |
| 300 ## - Физическа характеристика | |
| Брой страници | 156 с. |
| Илюстрации | със сн., портр. |
| Размер | 20 см |
| 380 ## - Жанр | |
| Жанр | Обществени науки |
| 500 ## - Общи забележки | |
| Обща забележка | Приложения. - Бел. и библиогр. под линия. |
| 650 #0 - Допълнително описание по предмет – тема | |
| 9 (RLIN) | 433492 |
| Предметна рубрика | Военноморски сили |
| 653 #0 - Ключова дума – ненормативна | |
| 9 (RLIN) | 486970 |
| Ключови думи | Дунавска военна флотилия |
| 653 #7 - Ключова дума – ненормативна | |
| 9 (RLIN) | 187889 |
| Ключови думи | история |
| 852 ## - Местоположение | |
| Отдел | Хранилище |
| 942 ## - АРТИКУЛИ | |
| Вид на библиотечния документ | Книги |
| Скрит в OPAC | Не |
| Периодичен библиозапис | Да |
| Koha issues (borrowed), all copies | 2 |
| 944 ## - СЪЗДАВАНЕ И РЕДАКЦИЯ на ЗАПИСА | |
| Създаване/Редакция | Създаване |
| Дата на регистрацията/редакция | 2023-03-23 |
| Служител, извършил регистрацията/редакцията | 30534 |
| Номер на служител | Радостина Карадакова |
| 999 ## - СИСТЕМНИ КОНТРОЛНИ НОМЕРА | |
| Koha biblionumber | 489851 |
| Koha biblioitemnumber | 489851 |
| Код за отписване | Код за изгубен артикул | Източник на класификационната схема | Код за повреда | Коз за рестрикции | Код за отдаване | Артикулен № | Име на библиотеката - собственик | Име на библиотеката, в която се намира в момента | Статус (Текущо местоположение) | Дата на вписване в системата | Местоположение - отдел | Цена в лева | Инвентарен номер | Систематично азбучна сигнатура | Баркод | Цена в евро | Служебен тип на артикула |
|---|---|---|---|---|---|---|---|---|---|---|---|---|---|---|---|---|---|
| Не е изгубен | Universal Decimal Classification | Не е повреден | само за читалня | ползва се в читалня | 926285 | Регионална библиотека "Любен Каравелов" Русе | Регионална библиотека "Любен Каравелов" Русе | Краезнание | 2023-03-31 | Краезнание | 10.00 | 120000885542 | К 355/359/Х 78 В | 120000885542 | 5.11 | Книги | |
| Не е изгубен | Universal Decimal Classification | Не е повреден | само за читалня | ползва се в читалня | 944359 | Регионална библиотека "Любен Каравелов" Русе | Регионална библиотека "Любен Каравелов" Русе | Хранилище | 2024-06-14 | Основен фонд - ползва се само за читалня | 12.00 | 120000909502 | Цб 323185 | 120000909502 | 6.14 | Книги |